| 000 | 01082ngm a2200265 a 4500 | ||
|---|---|---|---|
| 005 | 20220317001302.0 | ||
| 008 | 160825s1985 ck g 000 0 spa | ||
| 082 | 0 | 4 |
_a791.436 _bM14tm |
| 100 | 1 |
_aAlí Triana, Jorge _d1942- |
|
| 245 | 1 | 0 |
_aTiempo de morir _cdirección Jorge Alí Triana _hvideograbación |
| 250 | _a1a. edición | ||
| 300 |
_a1 videocasete en VHS (91 minutos) _bsonido, color _c20 cm |
||
| 490 |
_aLa maleta _ppelículas colombianas |
||
| 500 | _aLa película pertenece a la colección La Maleta. Dirigida para un público adulto. Guión de Gabriel García Márquez | ||
| 650 | 1 | 4 |
_2LEMB _aPelículas cinematográficas colombianas _vVideocasetes |
| 650 | 1 | 4 |
_2LEMB _aVenganza en el cine _vVideocasetes |
| 700 | 1 |
_aTriana Varón, Jorge Alí _d1942- _968730 |
|
| 700 | 1 |
_aGarcía Márquez, Gabriel _d1928- _968731 |
|
| 942 |
_2ddc _cVIDEOCASET |
||
| 264 |
_aBogotá _bMinisterio de Cultura _c1985 |
||
| 336 |
_atexto _btxt _2rdacontent |
||
| 337 |
_asin mediación _bn _2rdamedia |
||
| 338 |
_avolumen _bnc _2rdacarrier |
||
| 040 |
_aCO-BoRNBP _bspa _erda _cCO-BoRNBP |
||
| 999 |
_c6492 _d6492 |
||